|
|
|
|
| LEADER |
01272nam a2200301 a 4500 |
| 001 |
GR-MES12944 |
| 008 |
070903s gr b 000 0 gre d |
| 020 |
|
|
|a 1402031343
|q (hb)
|
| 040 |
|
|
|a GrPaTEI
|b gre
|c GR-PaULI
|
| 040 |
|
|
|a GrPaTEI
|b gre
|c GR-PaULI
|
| 082 |
|
0 |
|a 333.76
|2 22
|
| 100 |
1 |
|
|a Vanslembrouck, Isabel
|
| 245 |
1 |
0 |
|a Landscape Amenities :
|b Ecomomic assessment of agricultural landscapes /
|c Isabel Vanslembrouck / Guido Van Huylenbroeck.
|
| 260 |
|
|
|a Dordrecht :
|b Springer,
|c 2005
|
| 300 |
|
|
|a xiv
|a 202σ. :
|b εικ. ;
|c 25εκ.
|
| 490 |
0 |
|
|a Landscape series. v.2
|
| 504 |
|
|
|a Περιλαμβάνει βιβλιογραφικές παραπομπές
|
| 650 |
|
0 |
|a Agricultural landscape management
|
| 650 |
|
0 |
|a Agriculture
|z Europe
|
| 650 |
|
4 |
|a Αγρότες
|z Ευρώπη
|
| 650 |
|
4 |
|a Γεωργία
|x Οικονομικές απόψεις
|
| 653 |
|
|
|a Farms--Europe
|
| 653 |
|
|
|a Γεωργία--Ευρώπη
|
| 700 |
1 |
|
|a Huylenbroeck, Guido Van
|
| 942 |
|
|
|2 ddc
|
| 952 |
|
|
|0 0
|1 0
|2 ddc
|4 0
|6 333_760000000000000_VAN
|7 0
|9 271501
|a MSLG
|b MSLG
|c BSC
|d 2021-01-17
|e 24
|f 0
|g 0.00
|l 0
|o 333.76 VAN
|p 2420000022333
|r 2021-01-17 00:00:00
|t 1
|w 2021-01-17
|y BK15
|x 20070903 0 ΜΑΤΣΙΩΡΗ 1
|x GrPaTEI
|
| 971 |
|
|
|a .b25789910
|b 15-04-20
|c 13-09-16
|
| 999 |
|
|
|c 156840
|d 156840
|